Italian Car Brands - Statistics

General Stats
  • This quiz has been taken 189 times
  • The average score is 12 of 13
Answers on the Grid
Answers color-coded by a green-red scale on the quiz's grid according to % correct below.
Peugeot
Maserati
Lamborghini
Renault
KTM
Fiat
Ferrari
Casalini
Lancia
Autobianchi
Citroёn
Toyota
Cisitalia
Seat
Pagani
Alfa Romeo
Opel
Diatto
Ford
Abarth
Bizzarrini
 
Answer Stats
Answer % Correct
Lamborghini
98%
Ferrari
97%
Maserati
97%
Fiat
95%
Alfa Romeo
93%
Pagani
93%
Casalini
92%
Bizzarrini
90%
Autobianchi
89%
Diatto
89%
Cisitalia
87%
Lancia
84%
Abarth
78%
No matching quizzes found
Score Distribution
Percent of People with Each Score
Percentile by Number Answered
Your Score History
You have not taken this quiz